<?xml version="1.0" encoding="UTF-8"?>
<marc:record xmlns:marc="http://www.loc.gov/MARC21/slim">
   <marc:leader>00000nam a2200000 a 4500</marc:leader>
   <marc:datafield ind1="1" ind2=" " tag="100">
      <marc:subfield code="a">Patenge, Martina</marc:subfield>
      <marc:subfield code="4">aut</marc:subfield>
      <marc:subfield code="e">Verfasser/-in</marc:subfield>
   </marc:datafield>
   <marc:datafield ind1=" " ind2=" " tag="653">
      <marc:subfield code="a">Elternratgeber</marc:subfield>
   </marc:datafield>
   <marc:datafield ind1=" " ind2=" " tag="653">
      <marc:subfield code="a">Religiöse Erziehung</marc:subfield>
   </marc:datafield>
   <marc:datafield ind1="0" ind2="0" tag="245">
      <marc:subfield code="a">Die Seele für den Himmel öffnen</marc:subfield>
   </marc:datafield>
   <marc:datafield ind1="0" ind2="0" tag="245">
      <marc:subfield code="b">Grundlagen religiöser Erziehung</marc:subfield>
   </marc:datafield>
   <marc:datafield ind1=" " ind2="1" tag="264">
      <marc:subfield code="b">Matthias-Grünewald-Verl.</marc:subfield>
      <marc:subfield code="c">2006</marc:subfield>
   </marc:datafield>
   <marc:datafield ind1="1" ind2=" " tag="520">
      <marc:subfield code="a">Grundlagen für die religiöse Erziehung in der Familie. (PR)      Die Autorin legt in ihrem Buch zur religiösen Erziehung weniger Wert auf konkrete Tipps, es geht ihr mehr um die Frage, wie sich die Erwachsenen selber mit ihrem Glauben auseinandersetzen und Ausdrucksformen dafür finden und pflegen können. Sie vertritt die These, dass Heranwachsende ohnehin am meisten von dem mitnehmen, was Eltern glaubhaft vorleben. Dabei geht die Autorin immer sehr einfühlsam mit den Problemen der heutigen (jungen) Erwachsenen um, die in einer Gesellschaft leben, in der Glauben und eine kirchliche Anbindung irgendwie rechtfertigungsbedürftig sind. Ihr Hauptanliegen ist die Entwicklung von Achtsamkeit gegenüber Menschen, der Natur, der Kunst und der Musik und das Bilden und Gestalten von Ritualen in der Familie.  Durch das gemeinsame Erleben und Wertschätzen können Eltern ihre Kinder für religiöse Erfahrungen öffnen. Ebenfalls wichtig ist ihr die Teilnahme am (v.a. liturgischen) Leben der Gemeinde. Die Autorin legt besonderen Wert darauf, dass Eltern auch in der religiösen Erziehung ihre Kinder als Gesprächspartner ernst nehmen. Und dass sie sich mit den Kindern auch den Fragen stellen, auf die es (letztlich) keine befriedigenden Antworten gibt. Breit zu empfehlen!  *bn* Heike Helmchen-Menke</marc:subfield>
   </marc:datafield>
   <marc:datafield ind1=" " ind2=" " tag="020">
      <marc:subfield code="a">9783786725909</marc:subfield>
      <marc:subfield code="9">9783786725909</marc:subfield>
   </marc:datafield>
</marc:record>
